Responses for show #8500 - Friday, October 29, 2021

Tyler Rhode game 3.

Contestants

[<< previous game]

Wren Romero, a Ph.D. candidate from Evanston, Illinois

Emily Robinson, a political strategist from Brooklyn, New York

Tyler Rhode, a healthcare data specialist from New York, New York (whose 2-day cash winnings total $35,301)

[next game >>]

Jeopardy! Round responses

SCARY EVERYDAY HALLOWEEN STORIES
SKYSCRAPER CITY
FOUL PLAY
PRESIDENTS WHO WEREN'T BORN IN THE UNITED STATES
5,5
(Mayim: Each response consists of two 5-letter words.)
LANDSCAPING
    $200 6
[NOTE: Eerie music plays and Mayim reads each clue in the category with dramatic flair.]

jury duty

Tyler
    $200 21
Atlanta

Tyler
    $200 11
a low blow

Tyler
    $200 26
George Washington

Wren
    $200 5
a beach chair

Wren
    $200 16
air conditioning

Tyler
    $400 7
[NOTE: Dissonant music plays.]

wi-fi

Wren
    $400 22
Philadelphia

Tyler
    $400 12
a yellow card

Tyler
    $400 27
(Tyler: Who is John Adams?)
(Wren: Who is Thomas Jefferson?)
(Emily: Who is James Madison?)

John Quincy Adams

TylerEmilyWren
Triple Stumper
    $400 3
a grand piano

Tyler
    $400 17
a hedge

Emily
    $600 8
[NOTE: Cackling and bubbling is heard.]

heel

Tyler
    $600 23
Detroit

Emily
    $600 13
charging

Tyler
    $600 28
(Emily: I think this is who is James Monroe?)

James Madison

Emily
Triple Stumper
    $600 1
Bowie knife

Tyler
    $600 18
self-cleaning

Wren
    $800 9
[NOTE: Tense classical music plays.]

transmission

Tyler
    $2,000 24
Atlantic City

Emily
    $800 14
a chop block

Tyler
    $800 29
Andrew Jackson

Tyler
    $800 2
a paper trail

Wren
    $800 19
koi

Tyler
    $1000 10
[NOTE: Children laugh.]

microtransactions

Tyler
    $1000 25
(Wren: What is Dallas?)

Houston

TylerWren
    $1000 15
bowling

Tyler
    $1000 30
William Harrison

Emily
    $1000 4
a sugar skull

Emily
    $1000 20
fieldstone

Triple Stumper

Scores at the first commercial break (after clue 15):

Tyler Emily Wren
$6,600 $1,000 $1,400

Scores at the end of the Jeopardy! Round:

Tyler Emily Wren
$9,600 $4,000 $800

Double Jeopardy! Round responses

LANDSCAPE-ING
THE VILLAIN OF THE PIECE
WORDS FROM QUECHUA
NON-MEDICAL FEVERS
SATELLITES
MUSICAL TOURING COMPANIES
(Mayim: You will name the original show.)
    $400 6
the Hudson River movement

Wren
    $400 1
Mr. Ripley

Wren
    $400 18
Inca

Tyler
    $400 8
Queen Victoria

Wren
    $400 13
India

Emily
    $400 28
The Lion King

Emily
    $800 7
Normandy

Tyler
    $800 2
No Country for Old Men

Tyler
    $800 22
a (Andean) condor

Wren
    $800 9
(Wren: What is NASCAR?)

the WNBA

TylerWren
    $800 14
Echo

Tyler
    $800 24
The Phantom of the Opera

Emily
    $1200 19
St. Jerome

Wren
    $1200 3
Sikes

Tyler
    $3,000 23
(Wren: [No response])

pampas

Wren
    $1200 10
khaki

Wren
    $1200 15
the International Space Station

Emily
    $1200 25
Wicked

Wren
    $1600 20
Turner

Wren
    $1600 4
Long John Silver

Wren
    $1600 29
quinine

Emily
    $1600 11
Jungle Fever

Tyler
    $2,000 16
Sputnik

Emily
    $1600 27
The Book of Mormon

Wren
    $2000 21
Landscape is misspelled

Camille Pissarro

Wren
    $2000 5
(Emily: What is Ubervilles?)
...
(Mayim: You were missing the first "R"; the correct pronunciation is [*].)

Urbervilles

Emily
Triple Stumper
    $2000 30
quinoa

Emily
    $2000 12
Ohio

Tyler
    $2000 17
the Van Allen belt

Triple Stumper
    $2000 26
The Producers

Wren

Scores at the end of the Double Jeopardy! Round:

Tyler Emily Wren
$18,000 $10,400 $11,400

[wagering suggestions for these scores]

Final Jeopardy! Round responses

SONGS & U.S. HISTORY
(Mayim: [To Tyler] The [*] famously says, "From the halls of Montezuma to the shores of Tripoli".)
EmilyWhat is the star spangled banner
$10,398
WrenWhat is The Battle Hymn of the R
$11,400
TylerWhat is the Marines hymn?
$5,000
the "Marines' Hymn"

Final scores:

Tyler Emily Wren
$23,000 $2 $0
3-day champion: $58,301 2nd place: $2,000 3rd place: $1,000

Game dynamics:

Coryat scores:

Tyler Emily Wren
$18,000 $8,800 $14,400
25 R,
1 W
12 R
(including 2 DDs),
3 W
17 R,
4 W
(including 1 DD)

Combined Coryat: $41,200

The J! Archive is created by fans, for fans. The Jeopardy! game show and all elements thereof, including but not limited to copyright and trademark thereto, are the property of Jeopardy Productions, Inc. and are protected under law. This website is not affiliated with, sponsored by, or operated by Jeopardy Productions, Inc. Join the discussion at JBoard.tv.